01163nam a2200241Ia 4500001000600000003000900006008004100015040001300056040001300069041001300082100001100095100002900106245005200135245005200187250001100239260001100250260003100261260004900292300004100341500048500382650002300867650003100890 5240IT-RoPAU130308s9999 xx 000 0 und d aIT-RoPAU cIT-RoPAU aITALIANO aAA.VV. gCodice Aut. SPICS: 12000 aElettroacustica e televisione a circuito chiuso bElettroacustica e Televisione a circuito Chiuso a1a ed. aMILANO bPhilips Biblioteca Tecnica c1971 [1° Ed.:1971 - Ed.Ling.Originale:1971] a"180 p. (prefazione: 8; testo: 172)" aSistemi Interfonici impianti di Ricerca Persone sistemi con Trasmissione a Bassa o Alta Frequenza Accoppiamenti Alle reti telefoniche Ricevitori Apparecchiature Philips Diffusione sonora Microfoni Amplificatori Altoparlanti Acustica Applicata Elettroacustica Applicata impianti per Ospedali Navi Sale impianti di Traduzione simultanea di Allarme di Votazione Elettronica Televisione Apparecchiature e impianti sistemi di Trasmissione e di Distribuzione Proiettori a Grande Schermo aTECNICA TELEVISIVA eCodice materia Spics: 6952